000
00276nam a2200109Ia 4500
008
200302s9999 xx 000 0 und d
100
_a
B. Givoni
245
_a
Man Climate and Architecture 2nd ed.
260
_b
Applied Scienec Publishers Ltd.
260
_c
1981
300
_a
483 P.,
999
_c
371
_d
371